[Event "POL-ch 59th"]
[Site "Warsaw"]
[Date "2002.05.01"]
[Round "3"]
[White "Stryjecki, Marek"]
[Black "Cyborowski, Lukasz"]
[Result "0-1"]
[WhiteElo "2456"]
[BlackElo "2510"]
[Annotator "Hazai,L"]
[PlyCount "42"]
[EventDate "2002.04.29"]
[EventType "tourn"]
[EventRounds "13"]
[EventCountry "POL"]
[EventCategory "10"]
[SourceTitle "CBM 089"]
[Source "ChessBase"]
[SourceDate "2002.08.12"]
[SourceVersion "1"]
[SourceVersionDate "2002.08.12"]
[SourceQuality "1"]

1. Nf3 Nf6 2. g3 g6 3. Bg2 Bg7 4. O-O c5 5. d4 {This "Grunfeld Attack" may
lead to an English Opening main line.} (5. c4) 5... cxd4 6. Nxd4 O-O 7. e4 (7.
c4 $142 {was certainly the logical follow-up.}) 7... Nc6 {Now the positions
reminds me to the Sicilian Dragon with g3, which hardly can yield any
advantage for White.} 8. Ne2 (8. Nxc6 bxc6 $11) 8... b5 (8... d6 9. Nbc3 {
may transpose to the Sicilian Dragon with g3.}) 9. Nbc3 b4 (9... Rb8 {is also
playable, but the text is more consistant.} 10. h3 d6 11. Kh2 (11. Be3 a6 12.
Nd5 e6 13. Nxf6+ {1/2-1/2 Zipfel-Liebert, Germany 1999}) 11... b4 12. Nd5 Nd7
13. f4 e6 14. Ne3 Qc7 15. f5 {This allows Black to put a strong blockading N
on e5.} Ba6 16. Rf2 Bxe2 17. Qxe2 Rfe8 18. Qf1 Nce5 $13 {Gelman-Shvedchikov,
Moscow 1992}) 10. Nd5 a5 {/\ Ba6} (10... Ba6 11. Re1) 11. Re1 Ba6 12. Be3 (12.
Nef4 Rc8) 12... e6 (12... Ng4 {is not yet decisive in view of} 13. Bb6 Qc8 14.
Nd4 $1) 13. Nb6 (13. Nxf6+ Qxf6 14. Rb1 Rac8 15. Bc5 Rfe8 {and Black has a
very active position.}) (13. Bb6 Qc8 (13... Qb8 {allows White to conquer >< d6.
} 14. Bc7 Qb7 15. Nxf6+ Bxf6 16. Bd6 $14) 14. Nxf6+ Bxf6 15. Nd4 Bb7 $13 {
for example:} 16. Nb5 $6 Bxb2 17. Rb1 Bg7 18. Bc5 Rd8 19. Nd6 Qc7 $15 {and
White has no compensation for the lost P.}) 13... Rb8 (13... Ng4 $6 {is still
not in the right time:} 14. Bc5 Bxb2 (14... d6 15. Qxd6 Qxd6 16. Bxd6 $16) 15.
Nxa8 Bxa1 16. Bxf8 Qxf8 17. Qxa1 Qxa8 18. h3 Nge5 $14 {although Black has some
compensation for the sacrificed exchange.}) 14. Na4 Bb5 15. c3 (15. Nc5 d6 $15)
15... Ng4 $1 {This is the right time for the ->!} (15... d5 16. exd5 Nxd5 $15)
16. Bf4 Nce5 17. h3 $2 {[#] This allows a nice combination.} (17. Bxe5 Nxe5 18.
Nd4 bxc3 19. bxc3 (19. Nxc3 Bc4 $15) 19... Bc4 $15 {with a better P structure
and the ^^.}) (17. f3 Nd3 $1 18. fxg4 (18. Bxb8 Qxb8 $17) 18... Nxe1 19. Bxb8
Bxa4 20. Qxe1 Qxb8 $17 {with a better P structure and the ^^ again.}) 17...
Nxf2 $1 $19 {[%mdl 64] Now Black gets an irresistable ->.} 18. Kxf2 Nd3+ 19.
Kf1 (19. Kg1 Nxe1 20. Bxb8 Qxb8 21. Qxe1 Bxa4 $19) 19... d6 $1 {This is not a
usual way of continuing the ->! /\ Qd7 with a double threat...} (19... e5 20.
c4 Bxc4 21. Be3 f5 $40) 20. Qc2 (20. c4 Bxc4 21. Qd2 Nxe1 22. Rxe1 e5 23. Be3
Bxa2 $19) 20... Qd7 {/\ Bxa4} 21. b3 (21. Nc5 Nxc5 22. Rad1 Nb7 $19) 21... Qa7
{This was the real threat!} 0-1

[Event "RUS-ch 54th"]
[Site "Elista"]
[Date "2001.05.03"]
[Round "4"]
[White "Beshukov, Sergei"]
[Black "Dvoirys, Semen I"]
[Result "1/2-1/2"]
[WhiteElo "2463"]
[BlackElo "2568"]
[Annotator "Hecht,H"]
[PlyCount "126"]
[EventDate "2001.04.29"]
[EventType "swiss"]
[EventRounds "9"]
[EventCountry "RUS"]
[SourceTitle "CBM 083"]
[Source "ChessBase"]
[SourceDate "2001.07.05"]
[SourceVersion "1"]
[SourceVersionDate "2001.07.05"]
[SourceQuality "1"]

1. e4 c5 2. Nc3 Nc6 3. Nf3 g6 4. d4 cxd4 5. Nxd4 Bg7 6. Be3 Nf6 7. f3 O-O 8.
Qd2 d5 9. Nxc6 bxc6 10. e5 Ne8 11. Bh6 Qc7 12. Bxg7 Nxg7 13. f4 f6 14. exf6
Rxf6 15. g3 Bg4 16. Be2 Bxe2 17. Nxe2 e5 18. O-O-O e4 19. g4 Ne6 20. f5 gxf5
21. gxf5 Rxf5 22. Rhg1+ Kh8 23. Qc3+ Re5 24. Rgf1 Re8 25. Rf5 Ng7 26. Rf6 c5
27. Rdf1 Kg8 28. b4 c4 29. Qe3 R5e6 30. Rf7 R6e7 31. R7f2 Qb6 32. Nd4 Ne6 33.
Nf5 Qxe3+ 34. Nxe3 Rd8 35. Nf5 Red7 36. Nh6+ Kg7 37. Nf7 h6 38. Nxd8 Nxd8 39.
Rg2+ Kh7 40. c3 Nc6 {[#] Taktik} 41. Rf5 a6 42. Rf6 Ne5 43. Rxa6 d4 44. cxd4
Nd3+ 45. Kd2 Nxb4 46. Re6 $6 (46. Ra4 Rb7 47. Rg1 $18) 46... c3+ $1 47. Kxc3
Nd5+ {[%csl Ye3,Yf4][%cal Rf4e6,Rf4g2,Re3g2,Re3c2,Re3c4]} 48. Kc4 Ne3+ 49. Kc5
Nxg2 50. Rxe4 Ra7 51. d5 Rxa2 52. d6 Rd2 53. Kc6 Kg6 (53... Rc2+ $142) 54. d7
Kf5 55. Re2 $6 {Ausgelassener Gewinn} (55. Re8 $1 Kg4 56. Rg8+ Kh3 57. Rg6 $3 {
[%cal Rg6h6,Rg6d6]} Rxd7 (57... h5 58. Rd6 Rc2+ 59. Kd5 Rd2+ 60. Ke5 Re2+ 61.
Kf6 Rf2+ 62. Kg7 $18) 58. Rxh6+ $1 $18) 55... Rxe2 56. d8=Q Nf4 {[%csl Rh2,Gh6]
[%cal Ge2e6]} 57. Qf8+ Kg4 58. Qg7+ Kf5 59. Qf7+ Kg4 60. Qg7+ Kf5 61. Qf8+ Kg4
62. Qg8+ Kf5 63. Qh7+ Kg4 1/2-1/2

[Event "Alushta Autumn 1st"]
[Site "Alushta"]
[Date "2002.09.18"]
[Round "6"]
[White "Kurnosov, Igor"]
[Black "Zavgorodniy, Sergiy"]
[Result "0-1"]
[WhiteElo "2433"]
[BlackElo "2393"]
[Annotator "Hecht,H"]
[PlyCount "118"]
[EventDate "2002.09.15"]
[EventType "tourn"]
[EventRounds "15"]
[EventCountry "UKR"]
[EventCategory "9"]
[SourceTitle "CBM 092"]
[Source "ChessBase"]
[SourceDate "2003.02.06"]
[SourceVersion "1"]
[SourceVersionDate "2003.02.06"]
[SourceQuality "1"]

1. e4 c5 2. Nf3 Nc6 3. d4 cxd4 4. Nxd4 g6 5. Nc3 Bg7 6. Be3 Nf6 7. Nxc6 bxc6 8.
e5 Nd5 9. Nxd5 cxd5 10. Qxd5 Rb8 11. Bc4 O-O 12. Bxa7 Bb7 13. Qd2 Qc7 14. Bxb8
Qxc4 15. Ba7 Bxg2 16. Rg1 Bxe5 17. c3 Bf3 18. Qe3 Qd5 19. Qd2 Qc6 20. h3 f5 21.
Rd1 Bxd1 22. Kxd1 Ra8 23. Re1 d6 24. Bd4 Bxd4 25. Qxd4 e5 26. Qb4 Kf7 27. a3
Ra4 28. Qb8 Qf3+ 29. Kc1 Qxf2 30. Rd1 Re4 31. Qxd6 Re2 32. Rd2 Qf1+ ({
Sorgfältig analysiert werden müsste das Bauernendspiel nach Generaltausch auf
d2. Ich habe lediglich eine kleine Anregung gegeben, wo die Probleme liegen
und wie die Sache laufen könnte. Die Motive: Freibauernverteilung, Zugzwang.} 
32... Rxd2 33. Qxd2 Qxd2+ 34. Kxd2 g5 35. a4 Ke6 36. a5 Kd6 37. a6 Kc7 38. b4
h5 39. b5 Kb6 40. c4 g4 41. c5+ Ka7 42. h4 (42. hxg4 fxg4 $1 43. Kd3 g3 44. Ke2
h4 45. Kf3 e4+ 46. Kg2 e3 $19) 42... f4 43. Ke2 e4 44. c6 Kb6 45. Kf1 $22 $18)
33. Kc2 Rxd2+ 34. Kxd2 Qf2+ {Es folgt ein Freibauernrennen, das wegen der
weiter vorgeschobenen Bauern günstig für Schwarz steht.} 35. Kd3 e4+ 36. Kc4 e3
37. Qd5+ Kg7 38. Qd4+ Kh6 39. a4 Qf1+ 40. Kb4 f4 41. Qf6 Qf2 42. Qf8+ Kh5 43.
Qc5+ Kh4 44. a5 Qxb2+ 45. Kc4 Qe2+ 46. Kd4 Qd2+ 47. Kc4 e2 48. Qf2+ Kh5 49.
Qc5+ Kh4 (49... g5 50. Qf5 {[%cal Rf5h7,Rf5g4]} Qa2+ {[%csl Ge6]} 51. Kb4 h6
52. Qe4 {[%csl Gb1,Ge1]} Kh4 53. Qf3 Qe6 54. Qf2+ Kxh3 55. Qf3+ Kh4 $19) 50.
Qf2+ Kxh3 $1 {Der Rest ist, wie so oft in Damenendspielen, die Kunst der
Königsführung.} 51. Qf3+ Kh4 52. Qh1+ Kg5 53. Qg1+ Kh6 54. Qh1+ Kg7 55. Qb7+
Kf6 56. Qb6+ Ke7 57. Qc7+ Qd7 58. Qc5+ Kf6 59. Qf2 Qe6+ 0-1

[Event "Budapest Utasellato IM"]
[Site "Budapest"]
[Date "1988.10.25"]
[Round "4"]
[White "Dory, Jeno"]
[Black "Honfi, Karoly"]
[Result "1/2-1/2"]
[WhiteElo "2320"]
[BlackElo "2380"]
[Annotator "Honfi"]
[PlyCount "95"]
[EventDate "1988.10.22"]
[EventType "tourn"]
[EventRounds "11"]
[EventCountry "HUN"]
[EventCategory "3"]
[SourceTitle "EXT 2020"]
[Source "ChessBase"]
[SourceDate "2019.10.17"]
[SourceVersion "1"]
[SourceVersionDate "2019.10.17"]
[SourceQuality "1"]

1. e4 c5 2. Nf3 Nc6 3. Nc3 g6 4. d4 cxd4 5. Nxd4 Bg7 6. Be3 Nf6 7. Nxc6 bxc6 8.
e5 Ng8 9. f4 Nh6 10. Qd2 O-O 11. O-O-O Qa5 12. h4 d6 $2 (12... Nf5 13. Bf2 h5
14. g4 hxg4 15. h5 d6 16. hxg6 Be6 $13) 13. exd6 exd6 14. Bd4 Bg4 15. Bxg7 Kxg7
16. Be2 d5 17. h5 Bxe2 18. Qxe2 Qb4 19. Qd2 Rfb8 20. b3 a5 21. hxg6 hxg6 22.
Rh3 Rh8 23. Rdh1 Ng4 24. Rxh8 Rxh8 25. Rxh8 Kxh8 26. Ne2 Qe7 27. a4 Kh7 28. Nd4
Qf6 29. Kb1 c5 30. Nf3 c4 31. Qxd5 cxb3 32. cxb3 Qxf4 33. Qxa5 Ne3 34. Qe5 Nxg2
35. Qxf4 Nxf4 36. a5 Nd5 37. Kb2 f6 38. Ka3 g5 39. b4 g4 40. Ne1 f5 41. b5 f4
42. b6 Nxb6 43. axb6 f3 44. Nd3 g3 45. b7 g2 46. b8=Q g1=Q 47. Qb7+ Qg7 48.
Qe4+ 1/2-1/2

[Event "New York CITS"]
[Site "New York"]
[Date "1996.??.??"]
[Round "10"]
[White "Salov, Valery"]
[Black "Serper, Grigory"]
[Result "1-0"]
[WhiteElo "2670"]
[BlackElo "2540"]
[Annotator "Johnson,M"]
[PlyCount "183"]
[EventDate "1996.03.??"]
[EventType "tourn"]
[EventRounds "11"]
[EventCountry "USA"]
[EventCategory "13"]
[SourceTitle "CBM 052"]
[Source "ChessBase"]
[SourceDate "1996.06.01"]
[SourceVersion "1"]
[SourceVersionDate "1996.06.01"]
[SourceQuality "1"]

1. e4 {Endspiel-CD Hecht Salov} c5 2. Nf3 d6 3. d4 cxd4 4. Nxd4 Nf6 5. Nc3 g6
6. g3 Nc6 7. Nde2 Bg7 8. Bg2 O-O 9. O-O Rb8 10. h3 $5 (10. a4 {is a good
alternative}) 10... b5 11. Nd5 Nd7 12. c3 e6 13. Nb4 Nxb4 14. cxb4 Nb6 15. Nc3
d5 16. exd5 Nxd5 17. Qb3 Nxc3 18. bxc3 Bb7 19. Be3 Bxg2 20. Kxg2 Qc7 21. Rac1
Rfc8 22. Bc5 Bf8 23. Bxf8 Kxf8 24. Rfd1 Qb7+ 25. Kg1 Rc4 26. Rd3 Rbc8 27. Re1
Re4 28. Qd1 Kg7 29. Qd2 Qc6 30. Rxe4 Qxe4 31. Rd7 Rc4 32. Rd8 (32. Rxa7 Qf3 $10
) 32... Qe5 33. Rd3 Re4 34. Rf3 Qc7 35. Kh2 Rc4 36. Qg5 f5 37. Qd2 Qe7 38. Rd3
Rc7 39. Rd6 Kf7 40. h4 Kg7 41. Qd4+ Qf6 42. Rd7+ Rxd7 43. Qxd7+ {Hecht: D-D:
Schwarz opfert für einen aktiven K einen Bauern; ab Zug 69 D+f - D (Gewinn lt.
ENDSPIEL-CD)} Kh6 44. Qxb5 Qxc3 45. Qc5 Qa3 46. Qf8+ Kh5 47. Qe7 Kg4 48. Qxe6
Kf3 (48... Qxb4 {Hecht} 49. Qe2#) 49. Qe1 (49. Qe3+ $2 Qxe3 50. fxe3 Kxe3 51.
a4 Kd4 52. b5 Kc5 $19) 49... Qd3 (49... Qxa2 {Hecht} 50. Qe3+ Kg4 51. Qf4+ Kh5
52. Qg5#) 50. b5 h6 51. a4 g5 52. hxg5 hxg5 53. Kg1 (53. Qe3+ {Hecht} Qxe3 54.
fxe3 Kxe3 55. a5 f4 56. b6 axb6 57. axb6 f3 58. b7 f2 59. b8=Q f1=Q 60. Qe5+
Kf3 61. Qf5+ Ke2 62. Qxg5 Qf2+ 63. Kh3 Qf1+ 64. Kh4 Qh1+ 65. Kg4 Qf3+ $10)
53... f4 54. Qf1 Qd4 (54... Qxf1+ 55. Kxf1 fxg3 56. a5 gxf2 57. b6 axb6 58. a6
g4 59. a7 g3 60. a8=Q+ $18) 55. a5 fxg3 56. Qg2+ Ke2 57. Qxg3 Qa1+ 58. Kg2 Qxa5
(58... Qf1+ 59. Kh2 Qxf2+ 60. Qxf2+ Kxf2 61. Kh3 Kf3 62. b6 axb6 63. a6 g4+ 64.
Kh4 g3 65. a7 g2 66. a8=Q+ Kf2 67. Qa2+ $18 {Salov}) 59. Qxg5 Qb6 60. Qe5+ Kd3
61. f4 a6 62. Qd5+ Ke3 63. Qf3+ Kd2 64. Qd5+ Ke1 65. Qe5+ Kd2 66. bxa6 Qc6+ 67.
Kg3 Qg6+ 68. Kf3 Qxa6 {ENDSPIEL-CD: Gewinn in 35 Zügen} 69. f5 Qf1+ 70. Kg4
Qg2+ 71. Kh5 Qf3+ 72. Kg5 (72. Kg6 $142 Qg4+ 73. Kf7 Qh5+ 74. Ke7) 72... Qg2+
73. Kf6 Qc6+ (73... Kc2 $142 {Hecht: Bester Platz für den sK ist die
Südwestecke!}) 74. Kf7 Qb7+ 75. Qe7 Qd5+ 76. Qe6 Qb7+ 77. Ke8 Kc2 (77... Qa8+
78. Ke7 Qb7+ $2 79. Qd7+ $18) 78. Qc4+ Kb1 79. f6 Qb8+ 80. Kd7 Qb7+ 81. Ke6
Qb6+ 82. Ke5 Qb2+ 83. Kf5 Qf2+ 84. Qf4 Qc5+ 85. Kg6 Qc6 86. Qf5+ Ka1 87. Kg7 (
87. Qa5+ $142 Kb1 88. Kg7 {Die Fesselung Dc3 ist verhindert}) 87... Qc3 88. Kh7
(88. Qf2 $142 {Hecht} Qe5 89. Qa7+ Kb2 90. Qb6+ Ka1 91. Kf8 {nebst f7}) 88...
Qc2 89. Qg6 (89. Qxc2 $4 $10) 89... Qh2+ 90. Kg7 Qb2 91. Qg4 Qe5 92. Kg6 {
White won in sudden death after many more moves} (92. Kg6 {Hecht} Qd6 93. Kg7
Qe5 94. Qg1+ Ka2 95. Qa7+ Kb2 96. Qb6+ Ka1 97. Kf8 Ka2 98. Qa6+ Kb3 99. f7 Qc5+
100. Kg7 Qd4+ 101. Qf6 Qg1+ 102. Kh7 Qh1+ 103. Kg6 Qg2+ 104. Qg5 Qc2+ 105. Kg7
Qc7 106. Qd5+ Kb2 107. Kg6 Qg3+ 108. Qg5 Qd3+ 109. Kg7 Qd7 110. Qe5+ Ka2 111.
Qa5+ Kb1 112. Qb6+ Ka2 113. Kf6 $18 {Beherrschung der sD}) 1-0

[Event "Lvov Cup of Galychina"]
[Site "Lvov"]
[Date "2001.12.18"]
[Round "1"]
[White "Firman, Nazar"]
[Black "Efimenko, Zahar"]
[Result "1-0"]
[WhiteElo "2494"]
[BlackElo "2523"]
[Annotator "Kortschnoj,V"]
[PlyCount "91"]
[EventDate "2001.12.18"]
[EventType "tourn"]
[EventRounds "11"]
[EventCountry "UKR"]
[EventCategory "11"]
[SourceTitle "CBM 087"]
[Source "ChessBase"]
[SourceDate "2002.03.21"]
[SourceVersion "1"]
[SourceVersionDate "2002.03.21"]
[SourceQuality "1"]

1. e4 {Tsesarsky} c5 2. Nf3 Nc6 3. d4 cxd4 4. Nxd4 g6 5. Nc3 Bg7 6. Be3 Nf6 7.
Nxc6 bxc6 8. e5 Nd5 (8... Ng8 {is also playable, but the pawn sacrifice is
considered to be quite safe for black.}) 9. Nxd5 cxd5 10. Qxd5 Rb8 11. Bc4 O-O
(11... e6 12. Qc5 Bb7 {is a reasonable alternative.}) 12. O-O-O {'!?'
Tsesarsky.} ({Other main lines are:} 12. O-O) ({and} 12. f4 {(Tsesarsky)})
12... Qc7 {'?' Tsesarsky. Tsesarsky: 'Badly!'} ({Stronger is} 12... d6 {
then after} 13. Bxa7 Be6 (13... Rb4 $6 {Tsesarsky} 14. Bb3 (14. Bc5 {Tsesarsky}
Be6 15. Qxe6 fxe6 16. Bxe6+ Kh8 17. Bxb4 Bxe5 18. f3 $15) 14... Qc7 15. exd6
Qxa7 16. d7 Rxb3 (16... Bb7 {Tsesarsky} 17. d8=Q Bxd5 18. Qxd5 Qxf2 $132) 17.
axb3 (17. dxc8=Q $2 $11 {Tsesarsky} Bxb2+ 18. Kb1 Rb8 19. Qh3 Bg7+ 20. Kc1 Bb2+
21. Kb1 Bg7+ {1/2-1/2 Frolov,A-Shabalov,A/Moscow 1991/URS-ch (21).}) 17... Bb7
18. d8=Q Bxd5 19. Qxd5 Qa1+ 20. Kd2 Qxb2 21. Ke2 Qxc2+ 22. Rd2 $16) 14. Qd3
Bxc4 15. Qxc4 Rc8 16. Qb3 Qa5 (16... Bxe5 {Tsesarsky} 17. Bb6 Qd7 18. a4 Rc6
19. Rhe1 Qb7 20. a5 Ra8 21. Qb5 Rxa5 22. Qxa5 Rxb6 23. Rxe5 dxe5 24. Qxe5 Qa8 (
24... f6 $2 {Tsesarsky} 25. Qd5+ $1 {1-0 Simacek,P-Pilaj,H/Guarapuava 1995/
Juniors (37)}) 25. Qxe7 Qa1+ 26. Kd2 Qxb2 $44 {[%csl Rd2]}) 17. Bb6 Qxe5 {
black has good compensation for a pawn.}) ({Badly also} 12... Bb7 $2 {
(Tsesarsky) in view of} 13. Qxd7 Qa5 14. Qxe7 Bxg2 (14... Bxe5 {Tsesarsky} 15.
Bd2 $1 $16) 15. Rhg1 Bxe5 16. Bb3 Bf3 17. Rg5 $1 (17. Bd4 {Tsesarsky} Bf4+ 18.
Kb1 $132 {1/2-1/2 Simacek,P-Kovchan,A/Litomysl 1996/EXT 98 (41)}) 17... Bxd1
18. Rxe5 Qe1 19. Bd2 Qxf2 20. Kxd1 Rbd8 21. Qg5 $16) 13. Bb3 {'!' Tsesarsky.
Tsesarsky: 'Better than'} (13. f4 $6 {Tsesarsky} d6 14. Bb3 dxe5 15. Qc5 Rb7 (
15... Qxc5 {Tsesarsky} 16. Bxc5 Rb7 17. fxe5 Bxe5 18. Rhe1 Bf6 (18... Bxh2 {
Tsesarsky} 19. Bxe7 Bg4 20. Bxf8 Bf4+ 21. Kb1 Bxd1 22. Bc5 $16 {[%csl Rd1,Rg8]
[%cal Ge1e8]}) 19. c3 $14) 16. fxe5 Qxe5 17. Qxe5 Bxe5 18. Rhf1 {[%csl Rf7]
[%cal Gf1f7,Ge3h6] Threatening Bh6.} (18. c3 $14 {Tsesarsky}) 18... Be6 19. Bd4
(19. Bxe6 {Tsesarsky} Bxb2+ 20. Kd2 fxe6 $132) 19... Bxd4 20. Rxd4 Bxb3 21.
axb3 e5 $132 {1-0 Bartel,M-Widera,J/Czestochowa 1998/EXT 2000 (42)}) 13... Bxe5
14. Qc5 $1 a5 (14... Qxc5 {Tsesarsky} 15. Bxc5 $16 {[%csl Ra7,Re7]}) 15. Rd5
Qxc5 16. Rxc5 Bxb2+ {'+-?!' Tsesarsky. This leads to a difficult endgame for
black.} ({In the game Bagirov-Cebalo black played} 16... d6 17. Rxa5 Bf5 {
with some activity for a pawn and managed to save the game.} 18. f4 Bf6 19. Rd1
Rfc8 20. c3 $16 {1/2-1/2 Bagirov,R-Cebalo,M/Biel 1997/CBM 60 ext (42)}) (16...
a4 {Tsesarsky} 17. Rxe5 axb3 18. axb3 $16) 17. Kxb2 a4 18. Rc7 axb3 19. cxb3 {
Tsesarsky: 'Black keeps material equality, but his position is difficult.
White has very strong pass PP pair a and b. It is not easy to Black to
organize counterplay. '} Re8 20. Rhc1 d5 {This is a novelty. Earlier d7-d6 has
been applied. Anyhow, there is no much difference - black's position is hard
to defend.} (20... d6 {Tsesarsky} 21. Ba7 Ra8 22. b4 {and White eventually won
1-0 Simacek,P-Blecha,M/Klatovy 1999/EXT 2000 (39)}) 21. Ba7 Ra8 22. b4 Ba6 23.
a4 Bc4 24. b5 e5 25. R1xc4 $1 {'!?' Tsesarsky. Tsesarsky: 'Possible decision.'
It is important to eliminate this defending piece.} ({Wins also} 25. b6 {
[%cal Ga4a5] Tsesarsky} Ba6 26. Rd7 Bc4 27. a5 $18) 25... dxc4 26. a5 Red8 ({Or
} 26... e4 27. b6 Re5 28. a6 Ra5 29. Kc3 $1 ({less clear is} 29. b7 Rb5+ 30.
Kc3 Rxa7) 29... Rxa6 30. b7 R6xa7 31. Rc8+ $18) 27. a6 Rd5 28. b6 Kg7 (28...
Ra5 {Tsesarsky} 29. Kc3 Rxa6 30. b7 R6xa7 31. Rc8+ $18) 29. Kc3 Rb5 30. Rxc4
Rb1 31. b7 $1 $18 Rxa7 32. Rb4 Rc1+ 33. Kd2 Rc5 34. b8=Q Rxa6 35. Rb2 Ra4 36.
g3 h5 37. h4 e4 38. Qe8 Rac4 39. Ke2 Rc8 40. Qe5+ Kg8 41. Rb8 Rxb8 42. Qxb8+
Kg7 43. Qe5+ Kg8 {By not giving up black demonstrates a lack of respect
towards his opponent.} 44. Ke3 Rb4 45. Qc5 Ra4 46. Qb5 1-0